000
00280nam a2200121Ia 4500
008
190216s9999||||xx |||||||||||||| ||und||
100
_a
Tanveer A M
245
0
_a
Indian Literature
260
_b
Sahitya Bhawan
_c
1978
300
_a
134
650
_a
Indian Literature
942
_c
BK
999
_c
13695
_d
13695